Slovník politických a právnych pojmov súčasnosti Dokumenty k štúdiu štátu a práva

Guardado en:
Detalles Bibliográficos
Autor principal: Prusák, Jozef
Otros Autores: Holänder, Pavel, Krsková, Alexandra
Formato: Libro
Lenguaje:eslovaco
Publicado: Bratislava OMEGA 1991
Edición:1. vyd.
Etiquetas: Agregar Etiqueta
Sin Etiquetas, Sea el primero en etiquetar este registro!

MARC

LEADER 00000nam a2200000 4500
001 c023749
005 20221214094831.7
041 0 |a slo 
044 |a SK 
245 1 0 |a Slovník politických a právnych pojmov súčasnosti  |b Dokumenty k štúdiu štátu a práva  |c Jozef Prusák, Pavel Holänder, Alexandra Krsková 
250 |a 1. vyd. 
264 1 |a Bratislava  |b OMEGA  |c 1991 
300 |a 181 s. 
100 1 |a Prusák, Jozef 
700 1 |a Holänder, Pavel 
700 1 |a Krsková, Alexandra